Ekosystémy : (úvod do organizace zonálních a azonálních biomů) /

Main Author: Jeník, Jan, 1929-2022
Corporate Author: Univerzita Karlova. Přírodovědecká fakulta
Language: Czech
Published: Praha : Karolinum, 1998
Edition: 2. vyd.
Physical Description: 135 s. : il., mapy ; 21 cm
Book
Saved in:
LEADER 01160nam a2200289 a 4500
001 000366617
003 CZ BrMZK
005 20220914140451.0
008 981207s1998 xr f cze d
015 |a cnb000733868 
020 |a 80-246-0002-1  |q (v knize neuvedneno ;  |q brož.)  |z 80-7184-040-8 :  |c Kč 83,00 
035 |a (OCoLC)37249927 
040 |a BOA001  |b cze 
080 |a 502.7(075.8)  |2 MRF 
080 |a 504.73(075.8)  |2 MRF 
100 1 |a Jeník, Jan,  |d 1929-2022  |7 jk01051458  |4 aut 
245 1 0 |a Ekosystémy :  |b (úvod do organizace zonálních a azonálních biomů) /  |c Jan Jeník 
250 |a 2. vyd. 
260 |a Praha :  |b Karolinum,  |c 1998 
300 |a 135 s. :  |b il., mapy ;  |c 21 cm 
500 |a Určeno pro posl. fak. přírodověd. Univ. Karlovy v Praze. - Bibliogr. 
653 0 |a biosféra  |a ekosystémy 
710 2 |a Univerzita Karlova.  |b Přírodovědecká fakulta  |7 kn20010709364 
910 |a BOA001  |b TK-0264.312 
990 |a BK 
996 7 |b 2620013085  |c TK-0264.312  |l MZK  |r Sklad / do 24 hodin  |n 23  |p kup  |w 000366617  |u 000010  |a 1  |e BOA001  |j MZK50  |s A 
996 7 |b 2620013086  |c TK-0264.312  |l MZK  |r Sklad / do 24 hodin  |n 10  |p kup  |w 000366617  |u 000020  |a 1  |e BOA001  |j MZK50  |s A